LEADER 03072oam 2200781I 450 001 9910783739503321 005 20230207223908.0 010 $a1-56973-033-4 010 $a1-134-70864-5 010 $a1-134-70865-3 010 $a0-203-13102-9 010 $a1-280-32959-9 024 7 $a10.4324/9780203131022 035 $a(CKB)1000000000248038 035 $a(EBL)166052 035 $a(OCoLC)60495148 035 $a(SSID)ssj0000108594 035 $a(PQKBManifestationID)11135277 035 $a(PQKBTitleCode)TC0000108594 035 $a(PQKBWorkID)10043881 035 $a(PQKB)10873892 035 $a(MiAaPQ)EBC166052 035 $a(OCoLC)51098661 035 $a(EXLCZ)991000000000248038 100 $a20180706d1998 uy 0 101 0 $aeng 135 $aur|n|---||||| 181 $ctxt 182 $cc 183 $acr 200 00$aBalancing acts $estudies in counselling training /$fedited by Hazel Johns 210 1$aLondon ;$aNew York :$cRoutledge,$d1998. 215 $a1 online resource (236 p.) 300 $aDescription based upon print version of record. 311 $a0-415-16546-6 311 $a0-415-16545-8 327 $aBook Cover; Title; Contents; List of contributors; INTRODUCTION; On the tightrope; Being a counselling trainer: keeping the plates spinning?; The stresses of being a counselling trainer; Issues of power for women counselling trainers; The co-training relationship; Aspects of counselling training: juggling or fire-eating?; Reflective learning; Negotiated learning and assessment; Groups in counselling training; Volunteers, professionalisation and training; Training volunteers in a non-counselling setting; Training by telephone; Counselling trainees: holding the balancing-pole? 327 $aAn academic invalid in a world of academic excellenceA trainee's experience of trauma; Healing the 'wounded healer'; Rainbows and shadows; Index 330 $aThis book examines the theory and practice of counselling training. Experienced trainers share their experiences of the 'balancing acts' by which students and trainers manage the complex demands made of them during the training process. 606 $aCounseling 606 $aCounselors 606 $aCounselors - Training of 606 $aPhilosophy 606 $aTraining of 606 $aCounselors$xTraining of 606 $aCounseling$xStudy and teaching 606 $aSocial Sciences$2HILCC 606 $aPsychology$2HILCC 615 4$aCounseling. 615 4$aCounselors. 615 4$aCounselors - Training of. 615 4$aPhilosophy. 615 4$aTraining of. 615 0$aCounselors$xTraining of 615 0$aCounseling$xStudy and teaching 615 7$aSocial Sciences 615 7$aPsychology 676 $a158.3071 676 $a361.06071 676 $a361/.06/071 676 $a616 701 $aJohns$b Hazel$01552901 801 0$bFlBoTFG 801 1$bFlBoTFG 906 $aBOOK 912 $a9910783739503321 996 $aBalancing acts$93813044 997 $aUNINA LEADER 02630oas 2200817 a 450 001 9910146914403321 005 20250612213023.0 035 $a(OCoLC)1083315350 035 $a(CONSER)cn2005701196 035 $a(CKB)1000000000290038 035 $a(EXLCZ)991000000000290038 100 $a20050310b20042012 sa a 101 0 $aeng 135 $aurcn||||||||| 181 $ctxt$2rdacontent 182 $cc$2rdamedia 183 $acr$2rdacarrier 200 10$aPoultry and egg statistics 210 $a[Ottawa] $cStatistics Canada$d2005-2012 300 $aPublisher's Web site: http://www.statcan.ca. 300 $aArchived by Library and Archives Canada. 300 $aTitle from title screen (viewed on Mar. 23, 2005). 300 $aDistributed by the Government of Canada Depository Services Program. 311 08$a1710-3525 531 0 $aPoult. egg stat. 606 $aPoultry$zCanada$vStatistics$vPeriodicals 606 $aPoultry$xPrices$zCanada$vStatistics$vPeriodicals 606 $aEggs$xProduction$zCanada$vStatistics$vPeriodicals 606 $aEggs$xPrices$zCanada$vStatistics$vPeriodicals 606 $aVolailles$zCanada$vStatistiques$vPe?riodiques 606 $aVolailles$xPrix$zCanada$vStatistiques$vPe?riodiques 606 $aOeufs$xProduction$zCanada$vStatistiques$vPe?riodiques 606 $aOeufs$xPrix$zCanada$vStatistiques$vPe?riodiques 606 $aEggs$xPrices$2fast$3(OCoLC)fst00903872 606 $aEggs$xProduction$2fast$3(OCoLC)fst00903874 606 $aPoultry$2fast$3(OCoLC)fst01073919 606 $aPoultry$xPrices$2fast$3(OCoLC)fst01073998 607 $aCanada$2fast$1https://id.oclc.org/worldcat/entity/E39PBJkMHVW4rfVXPrhVP4VwG3 608 $aPeriodicals.$2fast 608 $aStatistics.$2fast 615 0$aPoultry 615 0$aPoultry$xPrices 615 0$aEggs$xProduction 615 0$aEggs$xPrices 615 6$aVolailles 615 6$aVolailles$xPrix 615 6$aOeufs$xProduction 615 6$aOeufs$xPrix 615 7$aEggs$xPrices. 615 7$aEggs$xProduction. 615 7$aPoultry. 615 7$aPoultry$xPrices. 676 $a338.1 686 $acci1icc$2lacc 686 $acoll11$2lacc 686 $acoll14$2lacc 686 $acoll20$2lacc 712 02$aStatistics Canada.$bLivestock Section. 801 0$bNLC 801 1$bNLC 801 2$bOCLCO 801 2$bVT2 801 2$bOCLCF 801 2$bOCLCQ 801 2$bOCLCL 801 2$bORU 801 2$bOCLCL 906 $aJOURNAL 912 $a9910146914403321 996 $aPoultry and egg statistics$92074944 997 $aUNINA